00450nam a22001097a 4500008004100000100002100041245002200062260001900084300003600103520018200139773001900321250904b ||||| |||| 00| 0 eng d aMishra, Vivek  aDeadly discharge  aDown to Earth  a33(16), Jan 1-15, 2025: p.24-25 aResidents of industrial cluster blame efficient and sewage treatment plants for discharging poorly freaked water that contra mates the area, causes skin discuses. –Reproduced  aDown to Earth